00262nam a22000857a 4500008004100000082002400041245007700065260002100142300001300163230623b xxu||||| |||| 00| 0 eng d a330.96762bGOK 2003 aEconomic Recovery Strategy for wealth and Employment Creationb2003-2007 aKenyabGOKc2003 aXVII,92p